00377nam a2200121 a 4500001000500000005001700005008004100022050002200063100001900085245003200104999001900136952010000155414020140414131850.0090218s19uu xx 00 eng d aM 595.1bV46 2003 aVaughan, Jenny aWhy don't worms have legs?. c110151d110151 001040aMUbMUcMd2009-02-18l0oM 595.1 V46 2003pM0450r2014-04-14 00:00:00w2014-04-14yBK